| 000 | 00902nas a2200301 4500 | ||
|---|---|---|---|
| 001 | BR2015000300 | ||
| 003 | BR-BrBNA | ||
| 005 | 20231205124919.0 | ||
| 007 | ta | ||
| 008 | 230509b bl.|||p| |||| 00| 00por d | ||
| 040 |
_aBR-BrBNA _bpor _cBiblioteca Nacional de Agricultura |
||
| 041 | _a(En) | ||
| 072 | _aF08 | ||
| 100 | 1 | _aRodrigues, C.O.D. | |
| 100 | 1 | _aAraújo, S.A. do C. | |
| 100 | 1 | _aViana, M.C.M. | |
| 100 | 1 | _aRocha, N.S. | |
| 100 | 1 | _aBraz, T.G. dos S. | |
| 100 | 1 | _aVillela, S.D.J. | |
| 245 | 1 | _aLight relations and performance of signal grass in silvopastoral system | |
| 650 | _aCAPIM BRACHIARIA | ||
| 650 | _aSOMBREAMENTO | ||
| 650 | _aAMOSTRAGEM | ||
| 650 | _aFORRAGEM | ||
| 773 | 0 |
_tActa Scientiarum. Animal Sciences (Brazil) _xISSN 1806-2636 _g(Apr-Jun 2014), v. 36(2) p. 129-136 _wBR2015000300 |
|
| 909 |
_a202311 _bLúcia _c55 _dLúcia Elande |
||
| 942 |
_2AGRIS _n0 _cANA |
||
| 999 |
_c241591 _d241591 |
||